[Event "TCh-SUI 2016"]
[Site "Switzerland SUI"]
[Date "2016.05.22"]
[Round "3.1"]
[White "Jussupow,Ar"]
[Black "Hickl,J"]
[Result "1/2-1/2"]
[WhiteElo "2585"]
[BlackElo "2560"]

1.d4 d6 2.Nf3 Nf6 3.g3 Nbd7 4.Bg2 e5 5.O-O Be7 6.c4 O-O 7.Nc3 c6 8.e4 a6
9.a4 a5 10.h3 Re8 11.Be3 exd4 12.Nxd4 Nc5 13.Qc2 Qb6 14.Rad1 Bf8 15.Rfe1 g6
16.f4 Nfd7 17.Bf2 Qc7 18.Rd2 Nb6 19.b3 Bd7 20.Nf3 Na6 21.Na2 Rad8 22.Red1 Nc8
23.Nd4 Bg7 24.Kh2 Nc5 25.Nc3 Na6 26.Na2 Nc5 27.Nc3 Na6 28.Na2 Nc5  1/2-1/2

[Event "TCh-SUI 2016"]
[Site "Switzerland SUI"]
[Date "2016.06.11"]
[Round "4.1"]
[White "Edouard,R"]
[Black "Jussupow,Ar"]
[Result "1-0"]
[WhiteElo "2620"]
[BlackElo "2585"]

1.Nf3 e6 2.c4 b6 3.Nc3 Bb7 4.e4 Bb4 5.Qe2 Ne7 6.d3 d5 7.Bd2 d4 8.Nb1 Bxd2+
9.Nbxd2 c5 10.g3 Nbc6 11.Bg2 e5 12.O-O O-O 13.Nh4 a6 14.f4 f6 15.a3 Bc8 16.Rf2 Bd7
17.Raf1 Qc7 18.Qh5 Be8 19.Qg4 Kh8 20.Nf5 Rg8 21.Nf3 Bd7 22.fxe5 Nxe5 23.Nxe5 Qxe5
24.Nh6 Be6 25.Bh3 Bxc4 26.Nxg8 Bxg8 27.Qd7 Rb8 28.b4 c4 29.dxc4 Bxc4 30.Rc1 Bb5
31.Qc7 Ng6 32.Bd7 Rg8 33.Bxb5 Qxb5 34.Qd6 Qd3 35.Qe6 h6 36.Rc8 Rxc8 37.Qxc8+ Kh7
38.Qf5 Qxa3 39.Kg2 Qd3 40.h4 Qb5 41.g4 h5 42.gxh5 Qxf5 43.exf5 Ne5 44.Ra2 Nc6
45.Rxa6 Nxb4 46.Ra8 Nd5 47.Kf3 Ne7 48.Ke4 Ng8 49.Kxd4 Nh6 50.Ke4 b5 51.Rb8 b4
52.Rxb4 Kg8 53.Rb8+ Kh7 54.Kf4 Nf7 55.Re8 Nh6 56.Rf8 Ng8 57.Rxg8 Kxg8 58.h6 gxh6
59.Ke4 Kf7 60.Kd5 Ke7 61.Kc6  1-0

[Event "TCh-SUI 2016"]
[Site "Switzerland SUI"]
[Date "2016.10.08"]
[Round "8.1"]
[White "Prusikin,M"]
[Black "Jussupow,Ar"]
[Result "1/2-1/2"]
[WhiteElo "2528"]
[BlackElo "2585"]

1.d4 d5 2.c4 dxc4 3.e3 e5 4.Bxc4 exd4 5.exd4 Bd6 6.Nf3 Nf6 7.Qe2+ Qe7 8.Qxe7+ Bxe7
9.O-O Nbd7 10.Nc3 Nb6 11.Bb3 c6 12.Re1 Nfd5 13.a4 a5 14.Bxd5 Nxd5 15.Nxd5 cxd5
16.Bd2 Be6 17.Rac1 Bd6 18.Ng5 Kd7 19.Kf1 b5 20.axb5 Rhb8 21.Ra1 Rxb5 22.Ra4 Rxb2
23.Rxa5 Rxa5 24.Bxa5 h6 25.Nxe6 fxe6 26.Rd1 Be7 27.Bd2 Bf6 28.Be3 h5 29.g3 Ke7
30.h3 Kf7  1/2-1/2

[Event "TCh-SUI 2016"]
[Site "Switzerland SUI"]
[Date "2016.10.09"]
[Round "9.1"]
[White "Jussupow,Ar"]
[Black "Hommeles,T"]
[Result "0-1"]
[WhiteElo "2585"]
[BlackElo "2392"]

1.d4 g6 2.g3 Bg7 3.Bg2 d6 4.Nf3 Nf6 5.O-O O-O 6.c4 c6 7.b3 Bf5 8.Bb2 Qc8
9.Nbd2 Bh3 10.e4 Bxg2 11.Kxg2 d5 12.e5 Ne8 13.h4 Nc7 14.h5 Nd7 15.Rh1 Re8
16.Rh4 Nf8 17.Nf1 a5 18.a4 Nce6 19.Ne3 Qd7 20.hxg6 fxg6 21.Qc2 Red8 22.Rah1 Qe8
23.Bc1 Qf7 24.cxd5 cxd5 25.Qd3 b6 26.Qb5 Rab8 27.Bd2 g5 28.Rg4 h5 29.Nxg5 Qg6
30.Nxe6 hxg4 31.Nxd8 Rxd8 32.Qe2 Qe4+ 33.Kg1 Ne6 34.Qxg4 Nxd4 35.Qxe4 dxe4
36.Kg2 Nxb3 37.Be1 Bxe5 38.Rh5 Bd4 39.Nf5 Bf6 40.Ne3 Bd4 41.Nc4 Rc8 42.Nxb6 Rc1
43.Rb5 Rxe1 44.Rxb3 Re2 45.Kf1 Rxf2+ 46.Ke1 Ra2 47.Nd5 Kf7 48.Nc3 Rb2 49.Ra3 Bc5  0-1

[Event "Dutch League 2016-17"]
[Site "Netherlands NED"]
[Date "2017.02.04"]
[Round "6.1"]
[White "Jussupow,Ar"]
[Black "Bosboom,M"]
[Result "1/2-1/2"]
[WhiteElo "2585"]
[BlackElo "2393"]

1.d4 g6 2.c3 d5 3.Bf4 Bg7 4.e3 c6 5.Nf3 a5 6.Be2 Nh6 7.O-O f6 8.c4 dxc4 9.Bxc4 b5
10.Be2 a4 11.Nc3 Nf7 12.Ne1 O-O 13.Nd3 Na6 14.Rc1 Be6 15.b3 axb3 16.axb3 Qb6
17.Ne4 Bf5 18.Nec5 e5 19.e4 Bxe4 20.dxe5 Nxc5 21.Nxc5 Rfd8 22.Qe1 Bd5 23.e6 Ng5
24.Bg4 Re8 25.e7 f5 26.Bxg5 fxg4 27.Nd7 Qd4 28.Rd1 Qe4 29.Qxe4 Bxe4 30.Rfe1 Bf5
31.Nf6+ Bxf6 32.Bxf6 Kf7 33.Rd6 c5 34.Bh4 c4 35.bxc4 bxc4 36.Rf6+ Kg7 37.Rc6 Rac8
38.Rxc8 Bxc8 39.Re4 h6 40.Rxc4 g5 41.Bg3 Rxe7 42.f3 Be6 43.Rc7  1/2-1/2

[Event "TCh-SUI 2017"]
[Site "Switzerland SUI"]
[Date "2017.03.19"]
[Round "1.1"]
[White "Jussupow,Ar"]
[Black "Kessler,L"]
[Result "1/2-1/2"]
[WhiteElo "2583"]
[BlackElo "2454"]

1.d4 Nf6 2.c4 e6 3.Nc3 d5 4.cxd5 exd5 5.Bg5 c6 6.e3 Bf5 7.Qf3 Bg6 8.Bxf6 Qxf6
9.Qxf6 gxf6 10.Nf3 Nd7 11.Be2 Nb6 12.O-O Be7 13.Rfc1 a5 14.Nh4 Rg8 15.f4 f5
16.Nf3 Bh5 17.Kf1 Bxf3 18.gxf3 Kd7 19.Bd3 Ke6 20.Ne2 Bh4 21.Rc2 Rg7 22.Ng1 Rag8
23.Nh3 Nc8 24.Rd1 Nd6 25.Rdd2 h6 26.b3 Be7 27.Rg2 Rxg2 28.Rxg2 Rxg2 29.Kxg2 b6
30.Ng1 Bf6  1/2-1/2

[Event "TCh-SUI 2017"]
[Site "Switzerland SUI"]
[Date "2017.04.23"]
[Round "3.1"]
[White "Kryvoruchko,Y"]
[Black "Jussupow,Ar"]
[Result "1/2-1/2"]
[WhiteElo "2708"]
[BlackElo "2583"]

1.e4 e6 2.d4 d5 3.Nc3 Bb4 4.e5 b6 5.a3 Bf8 6.Nf3 Ne7 7.h4 h6 8.Bf4 Ba6 9.Bxa6 Nxa6
10.Qd3 Nb8 11.b4 Nd7 12.O-O c6 13.h5 a6 14.Ne2 c5 15.dxc5 bxc5 16.Rfc1 c4
17.Qc3 g5 18.hxg6 Nxg6 19.Bh2 Bg7 20.Re1 O-O 21.Nf4 Nxf4 22.Bxf4 f6 23.Qe3 fxe5
24.Nxe5 Rxf4 25.Qxf4 Nxe5 26.Rxe5 Qf6 27.Qxf6 Bxf6 28.Rae1 Bxe5 29.Rxe5 Kf7
30.f4 Rd8 31.Kf2 d4 32.Ra5 d3 33.cxd3 cxd3 34.Ke1 d2+ 35.Kd1 Rd6 36.g3 Kg6
37.Rc5 Rd3 38.Ra5 Rxg3 39.Kxd2 h5 40.Ke2 h4 41.Kf2 Rb3 42.Kg2 Kf6 43.Kh2 h3
44.Kh1 Rb1+ 45.Kh2 Rb3 46.Kh1  1/2-1/2

[Event "TCh-SUI 2017"]
[Site "Switzerland SUI"]
[Date "2017.09.03"]
[Round "7.2"]
[White "Hickl,J"]
[Black "Jussupow,Ar"]
[Result "1/2-1/2"]
[WhiteElo "2556"]
[BlackElo "2583"]

1.g3 d5 2.Bg2 c6 3.Nf3 Bg4 4.b3 Nd7 5.Bb2 Ngf6 6.d3 e6 7.O-O Bd6 8.Nbd2 O-O
9.Re1 Re8 10.a3 a5 11.h3 Bh5 12.e4 e5 13.Qe2 d4 14.Qf1 Nc5 15.Nh2 Nfd7 16.f4 f6
17.f5 Bf7 18.h4 Nf8 19.Bc1 a4 20.b4 Ncd7 21.Ndf3 Rc8 22.g4 c5 23.bxc5 Rxc5
24.Re2 Qc7 25.Ne1 Rb5 26.Bd2 Qb6 27.Nef3 Rc8 28.Qd1 Rb2 29.Ne1 Ra2 30.Rb1 Rb2
31.Ra1 Ra2 32.Rb1 Rb2  1/2-1/2

[Event "TCh-SUI 2017"]
[Site "Switzerland SUI"]
[Date "2017.10.14"]
[Round "8.1"]
[White "Jussupow,Ar"]
[Black "Kraemer,Mart"]
[Result "1/2-1/2"]
[WhiteElo "2583"]
[BlackElo "2571"]

1.d4 Nf6 2.c4 e6 3.Nc3 Bb4 4.e3 O-O 5.Bd3 d5 6.Nf3 c5 7.O-O cxd4 8.exd4 dxc4
9.Bxc4 b6 10.Re1 Bb7 11.Bd3 Nbd7 12.Bg5 Rc8 13.Rc1 h6 14.Bh4 Re8 15.Qe2 Be7
16.Bb5 Bc6 17.Ba6 Ra8 18.Bg3 Bb4 19.a3 Bxc3 20.Rxc3 Nb8 21.Ne5 Qd5 22.f3 Nxa6
23.Nxc6 Nc5 24.dxc5 Qxc6 25.cxb6 Qxb6+ 26.Bf2 Qb7 27.b4 Rac8 28.Rxc8 Rxc8
29.Bd4 a6 30.Bxf6 gxf6 31.Qe3 Kg7 32.h3 Qc6 33.Rd1 Qc2 34.Rd7 Qc1+ 35.Qxc1 Rxc1+
36.Kf2 Rc3 37.a4 Rc4 38.Rb7 a5 39.bxa5  1/2-1/2

[Event "TCh-SUI 2017"]
[Site "Switzerland SUI"]
[Date "2017.10.15"]
[Round "9.1"]
[White "Pelletier,Y"]
[Black "Jussupow,Ar"]
[Result "1/2-1/2"]
[WhiteElo "2544"]
[BlackElo "2583"]

1.d4 Nf6 2.c4 e6 3.Nf3 Bb4+ 4.Bd2 a5 5.g3 b6 6.Bg2 Bb7 7.O-O O-O 8.Bg5 Be7
9.Qc2 Nc6 10.a3 h6 11.Bxf6 Bxf6 12.Rd1 d5 13.cxd5 exd5 14.Nc3 Re8 15.e3 Na7
16.Rac1 c6 17.h4 Bc8 18.e4 Bg4 19.exd5 cxd5 20.Qb3 b5 21.Nxd5 a4 22.Nxf6+ Qxf6
23.Qd3 Rad8 24.Rd2 Nc6 25.d5 Na5 26.Qxb5 Nb3 27.Rc6 Qf5 28.Rd3 Rb8 29.Rb6 Rbd8
30.d6 Nc5 31.Rc3 Qb1+ 32.Qf1 Qxf1+ 33.Kxf1 Ne4 34.Rd3 Rc8 35.d7 Rc1+ 36.Ke2 Bxd7
37.Re3 Rc2+ 38.Ke1 Rc1+ 39.Ke2 Rc2+ 40.Ke1 Rc1+  1/2-1/2

[Event "Dutch League 2017-18"]
[Site "Netherlands NED"]
[Date "2018.04.07"]
[Round "8.2"]
[White "Jussupow,Ar"]
[Black "Schoppen,Casper"]
[Result "1/2-1/2"]
[WhiteElo "2582"]
[BlackElo "2437"]

1.d4 Nf6 2.Nf3 e6 3.e3 b6 4.Bd3 Bb7 5.O-O Be7 6.c4 O-O 7.Nc3 d5 8.cxd5 exd5
9.b3 Nbd7 10.Bb2 a6 11.Rc1 Bd6 12.Rc2 Ne4 13.Ne2 Qe7 14.Nf4 g5 15.Nh5 f5
16.Qe2 c6 17.Rfc1 a5 18.a3 Rae8 19.b4 axb4 20.axb4 Qf7 21.b5 c5 22.dxc5 bxc5
23.Ng7 Re7 24.Bxe4 fxe4 25.Nxg5 Qg6 26.N5e6 Rxe6 27.Nxe6 Qxe6 28.Qh5 Qg6
29.Qxg6+ hxg6 30.Ra1 Nb6 31.Bc3 Rf7 32.Rca2 Rd7 33.f3 exf3 34.gxf3 Nc4 35.Rg2 Kf7
36.Kf2 Be7 37.Rg4 Rd6 38.h4 Rb6 39.Rh1 Bc8 40.Rf4+ Ke8 41.h5 gxh5 42.Rxh5 Be6
43.Bf6 Bxf6 44.Rxf6 Ke7 45.Rg6 Nd6 46.e4 Bf7 47.Re5+ Kf8 48.Rg1 dxe4 49.Rxc5 Rxb5
50.Rxb5 e3+ 51.Kxe3 Nxb5 52.Ke4 Ke7 53.Ke5 Nd6 54.Ra1 Be6 55.Ra7+ Bd7 56.f4 Nf7+
57.Ke4 Nd6+ 58.Kf3 Nb5 59.Ra6 Be6 60.Kg3 Kf6 61.Ra5 Nd4 62.Ra6 Nf5+ 63.Kf3 Ne7
64.Ke4 Nf5 65.Rb6 Ng3+ 66.Kf3 Nf5 67.Rb8 Bd5+ 68.Kg4 Ne3+ 69.Kg3 Nf5+ 70.Kf2 Ke7
71.Rb5 Kd6 72.Rb6+ Ke7 73.Ke2 Kf7 74.Kd3 Ke7 75.Kc3 Be6 76.Rb5 Kf6 77.Kd3 Bc4+
78.Kxc4 Nd6+ 79.Kc5 Nxb5 80.Kxb5 Kf5  1/2-1/2

[Event "World Senior Teams +50"]
[Site "Dresden GER"]
[Date "2018.07.09"]
[Round "3.3"]
[White "Jussupow,Ar"]
[Black "Preuss,H"]
[Result "1/2-1/2"]
[WhiteElo "2580"]
[BlackElo "2235"]

1.d4 Nf6 2.Nf3 d5 3.c4 e6 4.Nc3 Be7 5.Bg5 c6 6.e3 Ne4 7.Bxe7 Qxe7 8.Qc2 Nxc3
9.Qxc3 O-O 10.Bd3 f5 11.O-O Bd7 12.Qa3 Qxa3 13.bxa3 Bc8 14.Rfc1 Nd7 15.Rab1 g6
16.a4 a5 17.Ng5 Nf6 18.f4 Kg7 19.h3 Ne8 20.c5 Nf6 21.Rb2 Re8 22.Rcb1 Re7
23.Nf3 Rc7 24.Kf2 Kf8 25.Rg1 Ke8 26.g4 Re7 27.Ne5 Kd8 28.Kg3 Kc7 29.Kh4 Nd7
30.Nxd7 Bxd7 31.Rgb1 Ra7 32.Kg5 Rf7 33.Kh6 Be8 34.Be2 Kd8 35.h4 Kc7 36.g5 Re7
37.h5 Kd8 38.Rb6 Kc7 39.Bf3 Kd8 40.Be2 Kc7 41.Bf3 Kc8 42.Be2 Kc7  1/2-1/2

[Event "World Senior Teams +50"]
[Site "Dresden GER"]
[Date "2018.07.10"]
[Round "4.2"]
[White "Boensch,U"]
[Black "Jussupow,Ar"]
[Result "1/2-1/2"]
[WhiteElo "2560"]
[BlackElo "2580"]

1.d4 d5 2.c4 c6 3.Nf3 Nf6 4.Nc3 e6 5.Qb3 Nbd7 6.g3 Bd6 7.Bg2 O-O 8.O-O Rb8
9.Nd2 b5 10.c5 Bc7 11.e4 b4 12.Na4 Ba6 13.Re1 dxe4 14.Nxe4 Nxe4 15.Bxe4 Bb5
16.Be3 Nf6 17.Bg2 Nd5 18.a3 a5 19.axb4 axb4 20.Bd2 h5 21.Qd1 g6 22.Bh6 Re8
23.h4 Ra8 24.Be4 Qf6 25.Bc2 Ra6 26.Bg5 Qg7 27.Rc1 Rea8 28.b3 Bd8 29.Be4 Bxg5
30.hxg5 Bxa4 31.Bxd5 exd5 32.bxa4 Rxa4 33.Re5 Qf8 34.Rb1 Qb8 35.Kg2 Ra3 36.Qd2 b3
37.Qf4 Qd8 38.Re3 Rb8 39.Rf3 Rb7 40.Re3 Ra8 41.Rexb3 Rxb3 42.Rxb3 Qd7 43.Qf6 Re8
44.Rb6 Re6 45.Rb8+ Re8 46.Qd6 Qxd6 47.Rxe8+ Qf8 48.Rxf8+ Kxf8 49.g4 hxg4
50.Kg3 Ke8 51.Kxg4 Ke7 52.Kf4 Ke6 53.f3 f5 54.gxf6 Kxf6 55.Kg4 g5 56.f4 gxf4
57.Kxf4 Ke6 58.Kg5 Ke7 59.Kf5  1/2-1/2

[Event "World Senior Teams +50"]
[Site "Dresden GER"]
[Date "2018.07.11"]
[Round "5.1"]
[White "Jussupow,Ar"]
[Black "Emms,J"]
[Result "1/2-1/2"]
[WhiteElo "2580"]
[BlackElo "2488"]

1.d4 Nf6 2.Nf3 e6 3.e3 c5 4.c4 a6 5.Nc3 d5 6.cxd5 exd5 7.g3 Nc6 8.Bg2 Bd6
9.dxc5 Bxc5 10.O-O O-O 11.b3 Be6 12.Bb2 Qe7 13.Ne2 Rac8 14.Ned4 Nxd4 15.Nxd4 Ba3
16.Bxa3 Qxa3 17.Qd2 Bd7 18.Rfc1 Ne4 19.Qe1 Qb2 20.a4 h6 21.Rcb1 Qc3 22.Qxc3 Nxc3
23.Rc1 a5 24.Rc2 Ne4 25.Rac1 Rxc2 26.Rxc2 Rc8 27.Rxc8+ Bxc8 28.Kf1 Kf8 29.Ke2 Ke7
30.f3 Nc5 31.Kd2 Bd7 32.Kc3  1/2-1/2

[Event "World Senior Teams +50"]
[Site "Dresden GER"]
[Date "2018.07.12"]
[Round "6.2"]
[White "Schulz,KJ"]
[Black "Jussupow,Ar"]
[Result "1/2-1/2"]
[WhiteElo "2324"]
[BlackElo "2580"]

1.d4 Nf6 2.c4 e6 3.Nc3 d5 4.Bg5 Nbd7 5.cxd5 exd5 6.e3 Be7 7.Bd3 O-O 8.Qc2 Re8
9.Nf3 Nf8 10.h3 c6 11.O-O Be6 12.Rab1 Rc8 13.b4 N6d7 14.Bxe7 Qxe7 15.Na4 Qf6
16.Nh2 a6 17.Nc5 Nxc5 18.Qxc5 Bf5 19.Bxf5 Qxf5 20.Qb6 Rb8 21.a4 Qc8 22.b5 Nd7
23.Qa5 axb5 24.axb5 c5 25.dxc5 Qxc5 26.Rfc1 Qb6 27.Qd2 Nf6 28.Nf3 Rbc8 29.Rxc8 Rxc8
30.Rc1 Rxc1+ 31.Qxc1 Qxb5 32.Qc8+ Qe8 33.Qxb7 g6 34.Qb2  1/2-1/2

[Event "World Senior Teams +50"]
[Site "Dresden GER"]
[Date "2018.07.14"]
[Round "8.1"]
[White "Benjamin,Joe"]
[Black "Jussupow,Ar"]
[Result "1-0"]
[WhiteElo "2544"]
[BlackElo "2580"]

1.e4 e6 2.d4 d5 3.Nc3 Bb4 4.e5 b6 5.a3 Bf8 6.Nf3 Ne7 7.Bb5+ c6 8.Ba4 a5 9.Ne2 Ba6
10.c3 h6 11.O-O Nd7 12.Re1 g6 13.h4 Rc8 14.h5 Bxe2 15.Qxe2 gxh5 16.Nh2 Ng6
17.Qxh5 Qh4 18.Qxh4 Nxh4 19.g3 Ng6 20.f4 Be7 21.Bc2 Ndf8 22.Nf3 Kd7 23.Kf2 h5
24.Be3 f5 25.exf6 Bxf6 26.Rh1 Re8 27.Rh3 Re7 28.Rah1 Reh7 29.Ke2 h4 30.Ne5+ Bxe5
31.fxe5 Rh5 32.g4 R5h7 33.Rf3 h3 34.Bg5 h2 35.Bf6 Rg8 36.Rf2 Rh3 37.Kf1 Rg3
38.Rg2 Rf3+ 39.Rf2 Rg3 40.Bd1 Rd3 41.Ke1 c5 42.Be2 Rg3 43.Rhxh2 Rg1+ 44.Kd2 c4
45.a4 Rb1 46.Kc2 Ra1 47.b3 Ra2+ 48.Kb1 Rxe2 49.Rxe2 Nf4 50.Re1 cxb3 51.g5 Kc6
52.Rf1 N8g6 53.Rhf2 Nh5 54.Kb2 Ng3 55.Ra1 Ne4 56.Rh2 b5 57.Kxb3 Rb8 58.axb5+ Kxb5
59.Rha2 Ra8 60.Kc2 Ra7 61.Rb2+ Kc6 62.Rb8 Rh7 63.Rxa5 Rh3 64.Ra6+ Kc7 65.Rab6 Rxc3+
66.Kb2 Kd7 67.R6b7+  1-0

[Event "19th Puhajarve Rapid"]
[Site "Puhajarve EST"]
[Date "2018.11.24"]
[Round "13.5"]
[White "Jussupow,Ar"]
[Black "Seeman,T"]
[Result "1/2-1/2"]
[WhiteElo "2569"]
[BlackElo "2403"]

1.d4 Nf6 2.Nf3 g6 3.c4 Bg7 4.Nc3 O-O 5.Bg5 d6 6.e3 h6 7.Bh4 Nc6 8.Be2 e6
9.O-O Ne7 10.e4 g5 11.Bg3 Nh5 12.Ne1 Nxg3 13.hxg3 f5 14.Nc2 Kh8 15.f4 fxe4
16.Nxe4 d5 17.Nc3 Nf5 18.Qd3 dxc4 19.Qf3 gxf4 20.gxf4 Nxd4 21.Nxd4 Bxd4+
22.Kh2 Qh4+ 23.Qh3 Qxh3+ 24.gxh3 e5 25.Bxc4 Bf5 26.Rae1 Rae8 27.Nb5 Bxb2
28.Nxc7 Rc8 29.fxe5 Rxc7 30.Be6 Rc2+ 31.Kg3 Rc3+ 32.Kh2 Rg3 33.Kxg3  1/2-1/2

[Event "19th Puhajarve Rapid"]
[Site "Puhajarve EST"]
[Date "2018.11.24"]
[Round "14.5"]
[White "Schuls,O"]
[Black "Jussupow,Ar"]
[Result "1/2-1/2"]
[WhiteElo "2224"]
[BlackElo "2569"]

1.e4 e6 2.Nf3 d5 3.e5 d4 4.c3 c5 5.cxd4 cxd4 6.Bd3 Ne7 7.O-O Nec6 8.Re1 Nd7
9.a4 Nc5 10.Bb5 Bd7 11.d3 Be7 12.Nbd2 a6 13.Bc4 O-O 14.Ne4 Nxa4 15.Rxa4 b5
16.Bxb5 axb5 17.Rxa8 Qxa8 18.h4 h6 19.g4 Rc8 20.g5 h5 21.Nf6+ Bxf6 22.gxf6 g6
23.Qd2 Rc7 24.Qf4 Nb4 25.Rd1 Nd5 26.Qe4 Qa4 27.Rf1 Bc6 28.Nxd4 Bb7 29.b3 Qb4
30.Nxe6 Qxe4 31.dxe4 fxe6 32.exd5 Bxd5 33.Bg5 Bxb3 34.Rb1 Ba4 35.Rb4 Rc4
36.Rxc4 bxc4 37.Bd2  1/2-1/2

[Event "19th Puhajarve Rapid"]
[Site "Puhajarve EST"]
[Date "2018.11.24"]
[Round "18.1"]
[White "Meskovs,N"]
[Black "Jussupow,Ar"]
[Result "1-0"]
[WhiteElo "2539"]
[BlackElo "2569"]

1.c4 e6 2.Nf3 d5 3.d4 Nf6 4.g3 Bb4+ 5.Bd2 Be7 6.Bg2 O-O 7.O-O Nbd7 8.Bf4 c6
9.Nc3 dxc4 10.e4 b5 11.d5 exd5 12.exd5 Nxd5 13.Nxd5 cxd5 14.Qxd5 Nb6 15.Qxd8 Rxd8
16.Ne5 Bf5 17.Bxa8 Rxa8 18.Nc6 Bf8 19.Rfe1 Nd5 20.Re5 Be6 21.Rd1 Nxf4 22.gxf4 Bg4
23.Rd2 a6 24.Kg2 f6 25.Re1 Kf7 26.Kg3 Bf5 27.Rd5 g6 28.h4 Rc8 29.Nd4 Bd3
30.Rd7+ Kg8 31.a3 c3 32.bxc3 Bxa3 33.Nc6 Bf5 34.Ne7+ Bxe7 35.Rdxe7 Rxc3+
36.f3 Rc8 37.Ra7 b4 38.Ree7 g5 39.fxg5 fxg5 40.hxg5 b3 41.Rg7+ Kh8 42.Rgb7 Bc2
43.Rxa6 Rg8 44.f4 Rc8 45.Kh4 Rf8 46.Rf6  1-0

[Event "19th Puhajarve Rapid"]
[Site "Puhajarve EST"]
[Date "2018.11.24"]
[Round "19.4"]
[White "Jussupow,Ar"]
[Black "Kogan,Ar"]
[Result "1/2-1/2"]
[WhiteElo "2569"]
[BlackElo "2547"]

1.d4 Nf6 2.Nf3 d6 3.g3 Nbd7 4.Bg2 e5 5.O-O Be7 6.Nc3 O-O 7.e4 c6 8.a4 b6
9.d5 cxd5 10.Nxd5 Nxd5 11.Qxd5 Ba6 12.Rd1 Rc8 13.Qd2 Qc7 14.Ne1 Nc5 15.b3 Ne6
16.c4 Nd4 17.Qb2 f5 18.Be3 Bb7 19.Bxd4 exd4 20.exf5 Rxf5 21.Bxb7 Qxb7 22.Nd3 Qf3
23.Qc2 Rcf8 24.Re1 Bg5 25.Qe2 d5 26.cxd5 Qxd5 27.Qe6+ Qxe6 28.Rxe6 Rf3 29.Rd1 Rc8
30.Kg2 Rf7 31.b4 Bf6 32.h4 Rc3 33.a5 bxa5 34.bxa5 Ra3 35.a6 Re7 36.Rc6 Kf7  1/2-1/2

[Event "19th Puhajarve Rapid"]
[Site "Puhajarve EST"]
[Date "2018.11.24"]
[Round "20.1"]
[White "Sepp,O"]
[Black "Jussupow,Ar"]
[Result "1/2-1/2"]
[WhiteElo "2432"]
[BlackElo "2569"]

1.e4 e6 2.d4 d5 3.e5 c5 4.c3 Nc6 5.Nf3 Bd7 6.Be2 Rc8 7.O-O Nge7 8.a3 Ng6
9.b4 cxd4 10.cxd4 f6 11.Bd3 fxe5 12.Bxg6+ hxg6 13.dxe5 Qe7 14.Nc3 Nd8 15.Ne2 Bb5
16.Re1 Qf7 17.Ned4 Bd7 18.Ng5 Qg8 19.Qd3 Rh6 20.Nh3 Nc6 21.Bxh6 gxh6 22.Nxc6 bxc6
23.Nf4 Kf7 24.Re3 Be8 25.Rg3 g5 26.Nh5 Ke7 27.Nf6 Qg6 28.Qd4 Rc7 29.Rf3 c5
30.bxc5 Bc6 31.h3 Bg7 32.Qb4 Rb7 33.Qa5 h5 34.Qa6 Rc7 35.Rb3 Bxf6 36.exf6+ Qxf6
37.Re1 d4 38.Qa5 Rd7 39.Qa6 Rc7 40.Qa5 Rd7  1/2-1/2

[Event "19th Puhajarve Rapid"]
[Site "Puhajarve EST"]
[Date "2018.11.25"]
[Round "33.5"]
[White "Kiik,K"]
[Black "Jussupow,Ar"]
[Result "1/2-1/2"]
[WhiteElo "2411"]
[BlackElo "2569"]

1.e4 e6 2.d4 d5 3.Nd2 c5 4.c3 Nc6 5.Ngf3 cxd4 6.cxd4 dxe4 7.Nxe4 Nf6 8.Nxf6+ Qxf6
9.a3 h6 10.Bd3 Be7 11.O-O Bd7 12.Be3 O-O 13.Rc1 Rfd8 14.Bb1 Bf8 15.Qd3 g6
16.Qd2 Be8 17.Rfd1 Rac8 18.h4 Qg7 19.b4 Ne7 20.Rxc8 Rxc8 21.Ne5 Nd5 22.Ba2  1/2-1/2

[Event "20th Puhajarve Rapid"]
[Site "Puhajarve EST"]
[Date "2019.11.29"]
[Round "2.5"]
[White "Jussupow,Ar"]
[Black "Ozolins,Ar"]
[Result "1/2-1/2"]
[WhiteElo "2563"]
[BlackElo "2147"]

1.d4 Nf6 2.Nf3 d5 3.e3 Bg4 4.Bd3 e6 5.Nbd2 Be7 6.h3 Bxf3 7.Nxf3 O-O 8.O-O c5
9.c3 Nc6 10.b3 Rb8 11.Bb2 b5 12.dxc5 Bxc5 13.Nd4 Nxd4 14.cxd4 Bd6 15.Qe2 a6
16.Rfc1 Qd7 17.Rc2 Rfc8 18.Rac1 Rxc2 19.Qxc2 g6 20.Qc6 Qxc6 21.Rxc6 Be7 22.Rxa6 b4
23.Rc6 Ra8 24.Bb1 Ne4 25.Rc2 f5 26.f3 Nd6 27.Rc6 Kf7 28.Kf2 Nb5 29.g4 Na3
30.Bd3 Ra5 31.Ra6 Rxa6 32.Bxa6 Nb1 33.Bd3 Nc3 34.Bxc3 bxc3 35.a4 Bb4 36.gxf5 gxf5
37.e4 Kf6 38.exf5 exf5 39.Kg3 Kg5 40.f4+ Kf6 41.Kf3 h6 42.Ke3 Ke6 43.Bc2 Ba5
44.Kd3 Bb4 45.Bd1 Ba5  1/2-1/2

[Event "20th Puhajarve Rapid"]
[Site "Puhajarve EST"]
[Date "2019.11.29"]
[Round "8.1"]
[White "Blomqvist,E"]
[Black "Jussupow,Ar"]
[Result "1/2-1/2"]
[WhiteElo "2523"]
[BlackElo "2563"]

1.e4 e6 2.d4 d5 3.e5 c5 4.c3 Nc6 5.Nf3 Bd7 6.Be2 Rc8 7.O-O Nge7 8.Na3 cxd4
9.cxd4 Ng6 10.Nc2 f6 11.exf6 Qxf6 12.Re1 Bd6 13.Ne3 O-O 14.Ng4 Qf5 15.Ne3 Qf6
16.Ng4 Qf5 17.Ne3  1/2-1/2

[Event "20th Puhajarve Rapid"]
[Site "Puhajarve EST"]
[Date "2019.11.29"]
[Round "10.2"]
[White "Kovalev,Vl"]
[Black "Jussupow,Ar"]
[Result "1-0"]
[WhiteElo "2674"]
[BlackElo "2563"]

1.e4 e6 2.d4 d5 3.Nd2 c5 4.Ngf3 Nc6 5.exd5 exd5 6.Bb5 Bd6 7.O-O cxd4 8.Nb3 Ne7
9.Nbxd4 O-O 10.h3 Bd7 11.Bd3 f6 12.c4 Kh8 13.cxd5 Nxd5 14.Nxc6 bxc6 15.a3 Rb8
16.Qc2 f5 17.Rb1 Qf6 18.Re1 h6 19.Kh1 Rbe8 20.Bd2 Bc7 21.Rxe8 Rxe8 22.Re1 Rxe1+
23.Bxe1 Bb6 24.Bc4 Be6 25.Bf1 Bf7 26.Bd3 Bh5 27.Bxf5 Bxf3 28.gxf3 Ne7 29.Be4 Bd4
30.b4 Qh4 31.Kg2 Qg5+ 32.Kf1 Qh4 33.Qd3 Qxh3+ 34.Ke2 Bf6 35.Qd8+ Ng8 36.Qe8 Qh4
37.Qg6  1-0

[Event "20th Puhajarve Rapid"]
[Site "Puhajarve EST"]
[Date "2019.11.30"]
[Round "14.4"]
[White "Meskovs,N"]
[Black "Jussupow,Ar"]
[Result "1-0"]
[WhiteElo "2550"]
[BlackElo "2563"]

1.d4 e6 2.c4 f5 3.Nc3 Nf6 4.Qc2 Bb4 5.Bf4 O-O 6.Nf3 b6 7.e3 Bb7 8.Bd3 d6
9.O-O Bxc3 10.bxc3 Nbd7 11.Nd2 Nh5 12.Bg3 Qf6 13.a4 e5 14.f4 Qg6 15.fxe5 Nxg3
16.hxg3 Qxg3 17.Rf2 dxe5 18.Nf1 Qg5 19.Bxf5 Nf6 20.Be6+ Kh8 21.Rf5 Qg6 22.Qf2 exd4
23.exd4 Be4 24.Rf4 Qg5 25.Re1 Rfe8 26.Rexe4 Nxe4 27.Rxe4 Rf8 28.Qe3 Qg6 29.Nd2 Rf6
30.Bh3 Raf8 31.d5 h6 32.Kh2 Rf2 33.Re6 Qc2 34.Ne4 R2f3 35.Rxh6+ gxh6 36.Qxh6+ Kg8
37.Be6+ R3f7 38.Ng5  1-0

[Event "20th Puhajarve Rapid"]
[Site "Puhajarve EST"]
[Date "2019.11.30"]
[Round "16.5"]
[White "Seeman,T"]
[Black "Jussupow,Ar"]
[Result "1/2-1/2"]
[WhiteElo "2398"]
[BlackElo "2563"]

1.Nf3 d5 2.g3 Nf6 3.Bg2 Bg4 4.d3 Nbd7 5.Nbd2 e5 6.h3 Bh5 7.e4 dxe4 8.dxe4 Bc5
9.O-O O-O 10.Qe1 Re8 11.a4 a5 12.Nc4 c6 13.Bd2 b6 14.Bc3 Qc7 15.b3 Bg6 16.Nh4 Bd4
17.Nf5 Bxc3 18.Qxc3 Nc5 19.Qe3 Rad8 20.Rfd1 Bxf5 21.exf5 Nd5 22.Qe1 e4 23.Ne3 Qe5
24.Nxd5 cxd5 25.b4 axb4 26.Qxb4 e3 27.fxe3 Qxg3 28.Qf4 Rxe3 29.Qxg3 Rxg3
30.a5 bxa5 31.Rxa5 Rc3 32.Rxd5 Rc8 33.Rd2 h5 34.Ra7 h4 35.Bd5 Rxh3 36.Rxf7 Kh8
37.Rg2 Rg3 38.Rxg3 hxg3 39.Kg2 Na4 40.Bb3 Nc5 41.Kxg3 Nxb3 42.cxb3 Rc3+ 43.Kg4 Rxb3  1/2-1/2

[Event "20th Puhajarve Rapid"]
[Site "Puhajarve EST"]
[Date "2019.12.01"]
[Round "29.1"]
[White "Jussupow,Ar"]
[Black "Volodin,Alek"]
[Result "1-0"]
[WhiteElo "2563"]
[BlackElo "2494"]

1.d4 Nf6 2.Nf3 c5 3.e3 e6 4.Bd3 b6 5.O-O Bb7 6.c4 Be7 7.Nc3 d6 8.b3 h6 9.Bb2 Nbd7
10.d5 e5 11.Qc2 a6 12.a4 Qc7 13.Nd2 O-O-O 14.a5 bxa5 15.Ne2 e4 16.Nxe4 Ne5
17.Nxf6 Bxf6 18.Bf5+ Kb8 19.Bc3 Qe7 20.Bxa5 Rde8 21.b4 g6 22.Bh3 h5 23.bxc5 dxc5
24.Rab1 Ng4 25.Rb6 Ka8 26.Rfb1 Rb8 27.Qa4 Rhd8 28.R6b3 Rd6 29.Bb6 Rc8 30.Bxc5 Rxc5
31.Rxb7 Qxb7 32.Rxb7 Kxb7 33.f3 Bg5 34.fxg4 Bxe3+ 35.Kf1 Rb6 36.Nc3 Bd4 37.Ne4 Rc7
38.d6 Rcc6 39.g5 Rb1+ 40.Ke2 Ra1 41.Qc2 Rb6 42.d7 Kc7 43.Qd3 Ra2+ 44.Kf3 Kd8
45.Qxd4  1-0

[Event "20th Puhajarve Rapid"]
[Site "Puhajarve EST"]
[Date "2019.12.01"]
[Round "32.1"]
[White "Sirosh,Ilja"]
[Black "Jussupow,Ar"]
[Result "1/2-1/2"]
[WhiteElo "2390"]
[BlackElo "2563"]

1.d4 e6 2.c4 f5 3.g3 Nf6 4.Bg2 d5 5.Nh3 c6 6.O-O Be7 7.Nd2 O-O 8.Nf3 Ne4
9.Nf4 Bf6 10.Nd3 Bd7 11.Nfe5 Be8 12.f3 Nd6 13.c5 Nf7 14.Bf4 Nd7 15.Nxf7 Bxf7
16.Ne5 Nxe5 17.Bxe5 Bxe5 18.dxe5 Qa5 19.Qd4 b6 20.Rfc1 Rfb8 21.b3 Be8 22.Bf1 bxc5
23.Rxc5 Qb4 24.e3 a5 25.Rc3 Qxd4  1/2-1/2